Statistiques concernant Les compositeurs

Cliquez ici pour prendre le quiz!

Statistiques générales

  • Ce quiz a été pris 53 fois
  • Le résultat moyen est 17 sur 45

Statistiques - réponses

HintRéponse% Correct
1756-1791Wolfgang Amadeus MOZART
100%
1770-1827Ludwig Van BEETHOVEN
96%
1678-1741Antonio VIVALDI
84%
1685-1750Jean-Sébastien BACH
82%
1810-1849Frédéric CHOPIN
76%
1862-1918Claude DEBUSSY
73%
1875-1937Maurice RAVEL
71%
1732-1809Joseph HAYDN
67%
1797-1828Franz SCHUBERT
65%
1685-1759Georg-Friedrich HAENDEL
65%
1813-1883Richard WAGNER
65%
1803-1869Hector BERLIOZ
63%
1632-1687Jean-Baptiste LULLY
63%
1840-1893Piotr Illich TCHAIKOVSKI
63%
1833-1897Johannes BRAHMS
61%
1811-1886Franz LISZT
59%
1810-1856Robert SCHUMANN
57%
1567-1643Claudio MONTEVERDI
49%
1792-1868Gioacchino ROSSINI
45%
1860-1911Gustav MAHLER
39%
1683-1764Jean-Philippe RAMEAU
37%
1882-1971Igor STRAVINSKI
35%
1925-2016Pierre BOULEZ
33%
1898-1962Francis POULENC
22%
1885-1935Alban BERG
20%
1874-1951Arnold SCHÖNBERG
20%
1922-2001Iannis XENAKIS
18%
1912-1993John CAGE
18%
1450-1521JOSQUIN DES PRES
18%
1883-1945Anton WEBERN
16%
1525-1594Giovanni Perluigi DA PALESTRINA
14%
1936-Steve REICH
14%
1300-1377Guillaume de MACHAUT
12%
(1600-1750)LA MUSIQUE BAROQUE
10%
(1750-1830)LA MUSIQUE CLASSIQUE
10%
(1830-1918)LA MUSIQUE ROMANTIQUE
10%
1485-1558Clément JANEQUIN
8%
1160-1230PEROTIN
8%
1892-1974Darius MILHAUD
6%
(XVIe siècle)LA MUSIQUE DE LA RENAISSANCE
6%
(Ve-XVe siècle)LA MUSIQUE DU MOYEN-ÂGE
6%
1555-1612Giovanni GABRIELI
4%
(1918 à nos jours)LA MUSIQUE AU XXe SIÈCLE
4%
1910-1995Pierre SCHAEFFER
4%
1505-1585Thomas TALLIS
4%

Distribution des résultats

Percentile par nombre de réponses

% des personnes avec chaque résultat

Votre développement - résultats

Vous n’avez pas pris ce quiz